00302nam a22001217a 4500003000400000082001700004100001700021245007000038260003500108300000800143650002100151653000800172SGT a746.92bS22Y aYADAV, SWATI aStudy Of Consumer Syndrome On Branded Formal Shirts In Delhi NCR aGURUGRAMbSGT UNIVERSITYc2022 a170 aFASHION & DESIGN aPHD